| 000 -LEADER |
| fixed length control field |
01099nam a22003017a 4500 |
| 003 - CONTROL NUMBER IDENTIFIER |
| control field |
OSt |
| 005 - DATE AND TIME OF LATEST TRANSACTION |
| control field |
20251204112019.0 |
| 008 - FIXED-LENGTH DATA ELEMENTS--GENERAL INFORMATION |
| fixed length control field |
251204b ||||| |||| 00| 0 eng d |
| 020 ## - INTERNATIONAL STANDARD BOOK NUMBER |
| International Standard Book Number |
9780060822279 |
| 040 ## - CATALOGING SOURCE |
| Original cataloging agency |
DLC |
| Transcribing agency |
DLC |
| Modifying agency |
DLC |
| -- |
KH8 |
| 082 ## - DEWEY DECIMAL CLASSIFICATION NUMBER |
| Classification number |
813.6 GUT |
| 100 1# - MAIN ENTRY--PERSONAL NAME |
| Personal name |
Gutman, Dan. |
| Relator term |
Author |
| 245 10 - TITLE STATEMENT |
| Title |
Mr. Docker is off his rocker! |
| Statement of responsibility, etc. |
Dan Gutman ; pictures by Jim Paillot. |
| 246 3# - VARYING FORM OF TITLE |
| Title proper/short title |
Mister Docker is off his rocker |
| 250 ## - EDITION STATEMENT |
| Edition statement |
1st Harper Trophy ed. |
| 260 ## - PUBLICATION, DISTRIBUTION, ETC. |
| Place of publication, distribution, etc. |
New York |
| Name of publisher, distributor, etc. |
HarperCollinsPublishers |
| Date of publication, distribution, etc. |
©2006 |
| 300 ## - PHYSICAL DESCRIPTION |
| Extent |
100 pages |
| Other physical details |
b illustration |
| Dimensions |
13 cm x 20 cm |
| 490 1# - SERIES STATEMENT |
| Series statement |
My weird school ; |
| Volume/sequential designation |
#10 |
| 520 ## - SUMMARY, ETC. |
| Summary, etc. |
Mr. Docker, a new science teacher, is a crazy inventor who blows things up, uses potatoes for power, and has A.J. and his friends wondering whether science is for nerds or is the coolest subject ever. |
| 650 #1 - SUBJECT ADDED ENTRY--TOPICAL TERM |
| Topical term or geographic name entry element |
Teachers |
| Form subdivision |
Fiction. |
| 650 #1 - SUBJECT ADDED ENTRY--TOPICAL TERM |
| Topical term or geographic name entry element |
Science |
| Form subdivision |
Fiction |
| 650 #1 - SUBJECT ADDED ENTRY--TOPICAL TERM |
| Topical term or geographic name entry element |
Schools |
| Form subdivision |
Fiction. |
| 650 #1 - SUBJECT ADDED ENTRY--TOPICAL TERM |
| Topical term or geographic name entry element |
Humorous stories. |
| 655 #7 - INDEX TERM--GENRE/FORM |
| Genre/form data or focus term |
Fiction. |
| 700 1# - ADDED ENTRY--PERSONAL NAME |
| Personal name |
Paillot, Jim, |
| Relator term |
illustrator |
| 800 1# - SERIES ADDED ENTRY--PERSONAL NAME |
| Personal name |
Gutman, Dan. |
| Title of a work |
My weird school |
| 942 ## - ADDED ENTRY ELEMENTS (KOHA) |
| Source of classification or shelving scheme |
|
| Koha item type |
Books - Fiction |